000 03600nab a2200325 i 4500
003 BR-BrBNA
005 20250117145222.0
008 250117b2016 bl.|r|pooa||| 00| 0 por |
040 _aBR-BrBNA
_bpor
072 _aL51
_b5213
072 _aL10
100 _aRodrigues, W.B.
100 _aWechsler, F.S.
100 _aCosta, D.S.
100 _aNogueira, E.
245 _aComportamento alimentar de vacas Nelore e de seus bezerros puros ou mestiços
500 _aPublicação online; 22 ref.; 7 illus.; Summaries (En, Pt)
520 _a RESUMO - O objetivo desta pesquisa foi avaliar a influência do grupo genético do bezerro no comportamento alimentar diurno de mães e suas crias. Foram utilizadas 24 vacas Nelores paridas e seus bezerros, oito Nelores (puros), oito ½ Simental ½ Nelore e oito ½ Red Angus ½ Nelore. Avaliaram-se as medidas de frequência e duração das mamadas, tempo de pastejo e ruminação dos bezerros e das vacas. Os bezerros puros mamaram mais frequentemente que os mestiços (3,51 vs. 3,17 vezes/dia), porém com menor duração de mamada (7,37 vs. 7,80 minutos). A frequência de mamadas, a duração de cada mamada e o tempo total de mamadas diminuíram com o aumento da idade do bezerro. Nos bezerros, pastejo e ruminação aumentaram com a idade; entretanto, nas vacas, aumentou o tempo de pastejo e diminuiu o de ruminação com o passar dos dias. Os bezerros mestiços pastaram, em média, 18 minutos a mais que os puros, e os machos 16 minutos a mais que as fêmeas. Os bezerros machos ruminaram, aos 40 dias de idade, 25 minutos a mais que as fêmeas, mas essa diferença diminuiu com a idade e desapareceu por volta dos 220 dias. O comportamento da mãe e de sua cria é influenciado pelo grupo genético desta última. Palavras-chave: amamentação, cruzamentos, pastejo, ruminação
520 _a ABSTRACT - The aim of this study was to evaluate the effect of a calf's genetic group on the behavior of dam and calf. We used 24 Nellore dams and their calves, of which eight were Nellore, eight were ½Simmental ½Nelore and eight ½Red Angus ½Nellore. Grazing and rumination times, as well as suckling frequency and time, were measured. The straight bred calves suckled more often than the crossbreds (3.51 vs. 3.17 times/day), but their suckling lasted less time (7.37 vs 7.80 minutes). Suckling frequency, suckling length and total time spent suckling decreased as calf age increased. Calf grazing and rumination time increased with age; however, the cows’ grazing time increased and rumination time decreased as the days postpartum went by. The crossbred calves grazed, on average, 18 minutes longer than the crossbreds, and the males grazed 16 minutes longer than the females. The male calves grazed, at 40 days of age, 25 minutes longer than the females, but this difference decreased as they grew and disappeared around 220 days. In conclusion, dam and calf behavior are influenced by the calf's genetic group. Keywords: crosses, grazing, suckling, rumination
650 _aGADO NELORE
650 _aRAÇA
650 _aCRUZAMENTO
650 _aALEITAMENTO
650 _aPASTEJO
650 _aRUMINAÇÃO
773 0 _01643
_9347391
_dBelo Horizonte-MG Universidade Federal de Minas Gerais - Escola de Veterinaria 1983
_o2024-8404
_tArquivo Brasileiro de Medicina Veterinária e Zootecnia (Brazil)
_x0102-0935
_gv, 68(3) p. 596-604; (2016)
_wBr2024004458
856 _uhttps://www.scielo.br/j/abmvz/a/DkGWnZPWGyY6FDvjMmMLpLn/?format=pdf&lang=pt
942 _cANA
999 _c329609
_d329609